000 00379 a2200169 4500
001 157173
020 _a97885477234003
040 _cEscola São Tomás de Aquino
100 _aCereja, William
240 1 0 _aPortuguês linguagens
_lpor
245 1 0 _aPortuguês linguagens
300 _a432 p.
362 0 _a2018
440 1 _aSaraiva
697 _aPortuguês
942 _cBK
999 _c157173
_d157173